000 00640nam a22002417a 4500
001 57583
003 UA-OsUOA
005 20211125110540.0
007 ta
008 20081225b un ||||| |||| 00| 0 ukr d
020 _a5710778222
040 _aUA-OsUOA
_brus
_cUA-OsUOA
_dUA-OsUOA
041 _arus
080 _a821.161.1
090 _a821.161.1
_bР89
245 _aРусская проза второй половины ХХ века
260 _aМ.
_bДрофа
_c2003
300 _a480 с.
505 _gТ. 1
650 7 _a82 Література. Літературознавство
_2UDC
942 _cBK
_2udc
955 _a3
999 _c343665
_d343665